| 000 | 00955cam a2200289 a 4500 | ||
|---|---|---|---|
| 001 | 783762 | ||
| 003 | ARRUPE | ||
| 005 | 20160322123208.0 | ||
| 008 | 890927s1989 sw b 000 0 eng d | ||
| 020 | _a9171062890 | ||
| 035 | _a(OCoLC)20336822 | ||
| 035 | _a(OCoLC)ocm20336822 | ||
| 035 | _a(CStRLIN)NYCG89-B69799 | ||
| 035 | _a(NNC)783762 | ||
| 040 |
_aIaU _cIaU |
||
| 043 | _af-tz--- | ||
| 100 | 1 |
_aSmith, Charles David. _923225 |
|
| 245 | 1 | 0 |
_aDid colonialism capture the peasantry? : _ba case study of the Kagera district, Tanzania / _cCharles David Smith. |
| 260 |
_aUppsala : _bScanidinavian Institute of African Studies, _c1989. |
||
| 300 |
_a34 p. ; _c24 cm. |
||
| 490 | 1 |
_aResearch report, _x0080-6714 ; _vno. 83 |
|
| 504 | _aIncludes bibliographical references. | ||
| 650 | 0 |
_aSocial change _zTanzania. _923226 |
|
| 830 | 0 |
_aResearch report (Nordiska Afrikainstitutet) ; _vno. 83. _923227 |
|
| 942 |
_2lcc _cMONOGRAPH |
||
| 999 |
_c124444 _d124444 |
||